000 00468nam a22001697a 4500
003 LECTIO TEAM
005 20220309110733.0
008 220309b sa ||||| |||| 00| 0 eng d
020 _a9781430525271
040 _aManual
_cManual
_eRDA
082 _aNDE KGF
_bLECT
245 _aISEBE LELWANDLE ELECWENGILEKO
_cLECTIO TEAM
260 _aRANDHART, SOUTH AFRICA
_bLECTIO PUBLISHER
_c2013
300 _a8pages
_c21cm
490 _aLALI BOOK NO 18
942 _2ddc
_cBOOK
999 _c631159
_d631158